Statistics for Lions of the North - EU4

Click here to take the quiz!

General Stats

  • This quiz has been taken 42 times
  • The average score is 11 of 13

Answer Stats

RegionCountry% Correct
ScandinaviaSweden
100%
ScandinaviaNorway
98%
PolandPoland
98%
ScandinaviaDenmark
95%
ScandinaviaFinland
95%
BalticLithuania
93%
BalticLivonian Order/
Kurland
90%
BalticTeutonic Order
90%
ScandinaviaGotland
86%
BalticRiga
86%
ScandinaviaScandinavia
57%
BalticDanzig
55%
PolandThe Commonwealth
36%

Score Distribution

Percentile by Number Answered

Percent of People with Each Score

Your Score History

You have not taken this quiz